| 000 | 00717cam a2200253 a 4500 | ||
|---|---|---|---|
| 001 | 54434 | ||
| 003 | BD-RjUL | ||
| 005 | 20211209080123.0 | ||
| 008 | 161106s1970 pk c b 000 0 eng | ||
| 035 | _a(OCoLC)ocm00113466 | ||
| 035 | _a(BD-RjUL)54556 | ||
| 040 |
_aDLC _cDLC _dZCU _beng |
||
| 041 | _aeng | ||
| 082 |
_223 _a956 _bIMM 1970 |
||
| 100 | 1 |
_aImamuddin, S. M. _9118971 |
|
| 245 | 1 | 2 |
_aA modern history of the Middle East and North Africa / _cby S. M. Imamuddin. |
| 250 | _a2nd ed. | ||
| 260 |
_aDacca : _bNajmahsons, _c1970 |
||
| 300 |
_ax, 358 p. : _bill. ; _c22 cm. |
||
| 505 | 0 | _av. 1. 1258-1939 v. 2. 1939-1961. | |
| 651 | 0 |
_aMiddle East _9162446 |
|
| 942 |
_2ddc _cBK |
||
| 999 |
_c54434 _d54434 |
||